Experience pays (Record no. 78805)
[ view plain ]
| 000 -LEADER | |
|---|---|
| fixed length control field | 01083cab a22001935a 4500 |
| 001 - CONTROL NUMBER | |
| control field | L138159 |
| 008 - FIXED-LENGTH DATA ELEMENTS--GENERAL INFORMATION | |
| fixed length control field | 070521s2007 xxk f 000 0 eng d |
| 035 ## - SYSTEM CONTROL NUMBER | |
| System control number | (Sirsi) u138159 |
| 041 0# - LANGUAGE CODE | |
| Language code of text/sound track or separate title | eng |
| 245 00 - TITLE STATEMENT | |
| Title | Experience pays |
| 260 ## - PUBLICATION, DISTRIBUTION, ETC. | |
| Date of publication, distribution, etc. | 2007 |
| 490 #0 - SERIES STATEMENT | |
| Series statement | Building Services Journal |
| Volume/sequential designation | 29(5) May 2007, 63-68(6) |
| 520 ## - SUMMARY, ETC. | |
| Summary, etc. | Hay's latest building services salary guide reveals a disparity between changes in senior and junior salaries over the past 12 months. Whilst engineers in senior roles can earn up to £65 000, employees at junior levels have experienced very small increases, partly due to a buoyant and candidate led market. Provides salary tables for M&E quantity surveyors, mechanical engineers, electrical engineers, consulting engineers (CAD, other and senior), commissioning engineers, estimators, and contractors - management. The tables are broken down by UK region and level of job. |
| 590 ## - LOCAL NOTE (RLIN) | |
| Local note | KA |
| 650 24 - SUBJECT ADDED ENTRY--TOPICAL TERM | |
| Topical term or geographic name entry element | HAYS BUILDING SERVICES SALARY GUIDE |
| 651 #4 - SUBJECT ADDED ENTRY--GEOGRAPHIC NAME | |
| Geographic name | UNITED KINGDOM |
| 690 ## - LOCAL SUBJECT ADDED ENTRY--TOPICAL TERM (OCLC, RLIN) | |
| Topical term or geographic name as entry element | CAREERS, EDUCATION AND TRAINING-SURVEYING APPOINTMENTS |
| 942 ## - ADDED ENTRY ELEMENTS (KOHA) | |
| Suppress in OPAC | 0 |
| Withdrawn status | Lost status | Source of classification or shelving scheme | Damaged status | Not for loan | Home library | Current library | Shelving location | Date acquired | Total Checkouts | Full call number | Barcode | Date last seen | Copy number | Price effective from | Koha item type |
|---|---|---|---|---|---|---|---|---|---|---|---|---|---|---|---|
| Dewey Decimal Classification | London | London | Journal article | 21/05/2007 | L138159 | 138159-1001 | 06/08/2019 | 1 | 06/08/2019 | Journal article |